000 00470nam a22001697a 4500
999 _c523813
_d523813
003 NUST
038 _awaseem
082 _a891.439
_bRAI
100 _aRiaz, Fahmida
_914584
245 _aAdab Ki Nasay Rad-e-Tashkeel /
_cFahmida Riaz
260 _aKarachi :
_bWada Kitab Gar,
_c2006.
300 _a175 p. ;
500 _aHardcover.
880 _6100-02\r
_aفہمیدہ ریاض
880 _6245-02\r
_aادب کی نساھی ردِ تشکیل ۔ /
942 _2ddc
_cBK